ABC TOEIC : Reading comprehension /
Guardat en:
| Autor principal: | |
|---|---|
| Altres autors: | |
| Format: | Sách giấy |
| Idioma: | Vietnamese |
| Publicat: |
Tp. HCM :
Tổng hợp,
2012.
|
| Matèries: | |
| Etiquetes: |
Afegir etiqueta
Sense etiquetes, Sigues el primer a etiquetar aquest registre!
|
| Thư viện lưu trữ: | Thư viện Trường Đại học Đà Lạt |
|---|
| LEADER | 00723nam a2200301 4500 | ||
|---|---|---|---|
| 001 | DLU120144536 | ||
| 005 | ##20121211 | ||
| 040 | # | # | |a DLU |b vie |
| 041 | # | # | |a vie |
| 044 | # | # | |a vn |
| 082 | # | # | |a 428.007 6 |b PA-Y |
| 100 | # | # | |a Park Hye Yeong. |
| 245 | # | # | |a ABC TOEIC : |b Reading comprehension / |c Park Hye Yeong, Jeong Ji Won. |
| 260 | # | # | |a Tp. HCM : |b Tổng hợp, |c 2012. |
| 300 | # | # | |a 233 tr. ; |c 26 cm. |
| 650 | # | # | |a Tiếng Anh |x Dạy và học. |
| 700 | # | # | |a Jeong Ji Won. |
| 923 | # | # | |a 08/2012 |
| 991 | # | # | |a GT |
| 992 | # | # | |a 166000 |
| 994 | # | # | |a DLU |
| 900 | # | # | |a True |
| 911 | # | # | |a Đào Thị Thu Huyền |
| 925 | # | # | |a G |
| 926 | # | # | |a A |
| 927 | # | # | |a SH |
| 980 | # | # | |a Thư viện Trường Đại học Đà Lạt |